Recuperando vida : (Registro nro. 3883)

Detalles MARC
000 -CABECERA
Campo de control 01734cam a2200277 i 4500
005 - FECHA Y HORA DE LA ULTIMA TRANSACCION
Campo de control 20160131092653.0
008 - ELEMENTOS DE LONGITUD FIJA—INFORMACION GENERAL
Campo de control 040719s2004 ck abdo r 000 0 spa d
040 ## - FUENTE DE CATALOGACIÓN
Agencia catalogadora original CO-BoPUJ
Agencia transcriptora CO-BoIAVH
Agencia Modificadora CO-BoIAVH
041 0# - IDIOMA
Código de idioma para texto/pista de sonido o título separado Español
043 ## - GEOGRAPHIC AREA CODE
Geographic area code s-ck---
044 ## - PAÍS DE PUBLICACIÓN
País de publicación Colombia
082 04 - NUMERO DE CLASIFICACION DECIMAL DEWEY
Número de clasificación 631.5
Número del ítem R31r
245 00 - MENCION DE TITULO
Título Recuperando vida :
Parte restante del título guías para la recuperación de las semillas y la soberanía alimentaria en situaciones de conflicto en Colombia /
Mención de responsabilidad editor Juan G. Gaviria V ; coordinación del equipo Walquiria Pérez ; idea y concepto Hans Peter Wiederkher.
260 ## - PUBLICACION, DISTRIBUCION, ETC. (PIE DE IMPRENTA)
Lugar de publicación, distribución, etc. Bogotá :
Nombre del editor, distribuidor, etc. Swissaid,
Fecha de publicación, distribución, etc. 2004.
300 ## - DESCRIPCION FISICA
Extensión 223 páginas :
Otros detalles físicos ilustraciones, fotos, gráficos, mapas y tablas ;
Dimensiones 34 cm.
504 ## - NOTA DE BIBLIOGRAFIA, ETC.
Nota de bibliografía Incluye referencias bibliográficas.
505 0# - NOTA DE CONTENIDO
Title Diagnóstico participativo rápido. --
-- La perspectiva de género en la recuperación de la seguridad alimentaria. --
-- Selección, producción y conservación de semillas por los agricultores. --
-- Consecución inicial de semillas, búsqueda y distribución. --
-- Banco de semillas locales, reservas de vida. --
-- Producción agroecológica. --
-- Estrategias para el retorno. --
-- Diez "lecciones aprendidas" en la recuperación de las semillas locales. --
-- El seguimiento y la evaluación de la propuesta de recuperación de los sistemas locales de producción y sus indicadores.
650 14 - ASIENTO SECUNDARIO DE MATERIA - TERMINO TEMATICO
Término temático o nombre geográfico como elemento de entrada Semillas
Subdivisión general Cultivo
9 (RLIN) 56003
650 24 - ASIENTO SECUNDARIO DE MATERIA - TERMINO TEMATICO
Término temático o nombre geográfico como elemento de entrada Seguridad alimentaria
Subdivisión geográfica Colombia
9 (RLIN) 56004
650 24 - ASIENTO SECUNDARIO DE MATERIA - TERMINO TEMATICO
Término temático o nombre geográfico como elemento de entrada Desplazados por la violencia
Subdivisión general Aspectos sociales
Subdivisión geográfica Colombia
9 (RLIN) 56005
650 24 - ASIENTO SECUNDARIO DE MATERIA - TERMINO TEMATICO
Término temático o nombre geográfico como elemento de entrada Producción alimenticia
Subdivisión geográfica Colombia
9 (RLIN) 56006
700 1# - ASIENTO SECUNDARIO - NOMBRE PERSONAL
Nombre personal Gaviria V., Juan G.,
Término de relación editor.
9 (RLIN) 56007
700 1# - ASIENTO SECUNDARIO - NOMBRE PERSONAL
Nombre personal Pérez, Walquiria
Término de relación Coordinador.
9 (RLIN) 56008
700 1# - ASIENTO SECUNDARIO - NOMBRE PERSONAL
Nombre personal Wiederkher, Hans Peter
9 (RLIN) 56009
942 ## - ELEMENTOS ADICIONALES (KOHA)
Sistema de clasificación Dewey Decimal Classification
Tipo de ítem Libro
Existencias
Withdrawn status Lost status Sistema de Clasificación Damaged status No para préstamo Colección Inventariado Ubicación Permanente Ubicación actual Fecha de adquisición Fuente de Valor Valor Total Checkouts Número topográfico Inventario / Código de Barras Date last seen Ejemplar Price effective from Forma de adquisición Tipo de material
    Dewey Decimal Classification     General Inventariado 2017 Bogotá Bogotá 27/05/2004 Instituto 15000.00   LB-631.5 R31r 015949 04/12/2012 Ej. 1 04/12/2012   Libro